01085nam a22002057a 4500003000900000008004100009040007100050082001800121100003000139245011000169260007600279300002900355505032700384650004600711650001700757650003600774650002300810650001400833650003200847AR-CdUCM190304b ||||| |||| 00| 0 spa d aMUNICIPALIDAD PROVINCIAL DEL CUSCOcBIBLIOTECA MUNICIPAL DEL CUSCO a349.73 /bH19 aHampe Martínez, Teodoro aSanto oficio e historia colonial : baproximaciones al Tribunal de la Inquisición de Lima, 1570-1820 /  aPerú : bEdiciones del Congreso de la República del Perú, c1998. a212 páginas ; c20 cm. aContenido: Control moral y represión ideológica: la inquisición en el Perú -- El proceso a Agustín Valenciano de Quiñones, hereje reconciliado -- Los libros del inquisidor: Serván de Cerezuela (1585) -- Los libros del fiscal: Tomás de Solarana (1606) -- Los libros del rector: Cipriano de Medina (1635) ... aTribunal de la Santa Inquisición - Lima aSanto Oficio aHistoria de la iglesia - Perú aHerejes cristianos aHeregía aHistoria - Época colonial